| 000 | 00639nam a22001817a 4500 | ||
|---|---|---|---|
| 008 | 160727b xxu||||| |||| 00| 0 eng d | ||
| 020 | _a978-1-86156-464-1 | ||
| 082 |
_22007 _aDC 616.042 _bH32g |
||
| 100 |
_912008 _aHaydon, Jo |
||
| 245 |
_aGenetics in practice: _ba clinical approach for healthcare practitioners/ _cJo Haydon. |
||
| 260 |
_aNew Jersey: _bJohn Wiley & Sons, _cc2007. |
||
| 300 |
_axiv, 276 pages; _c23 cm. |
||
| 500 | _aIncludes bibliographical references and index. | ||
| 650 | 0 |
_912009 _aMedical genetics |
|
| 650 | 0 |
_912010 _aGenetic disorders _xDiagnosis |
|
| 650 | 0 |
_912011 _aGenetic counseling |
|
| 942 |
_2ddc _cDC |
||
| 999 |
_c3609 _d3609 |
||